[Event "Stuttgart-chA"]
[Site "Stuttgart"]
[Date "2003.??.??"]
[Round "?"]
[White "Dietrich, Jan"]
[Black "Janata, Andreas"]
[Result "0-1"]
[WhiteElo "1690"]
[BlackElo "2045"]
[PlyCount "140"]
[EventDate "2003.??.??"]
[EventType "swiss"]
[EventRounds "9"]
[EventCountry "GER"]
[SourceTitle "EXT 2007"]
[Source "ChessBase"]
[SourceDate "2006.11.23"]
[SourceVersion "1"]
[SourceVersionDate "2006.11.23"]
[SourceQuality "1"]

1. d4 Nf6 2. Nf3 e6 3. e3 c5 4. Bd3 Nc6 5. c3 b6 6. Nbd2 Bb7 7. 0-0 Be7 8. Qe2 cxd4 9. exd4 0-0 10. Ne4 Nd5 11. Re1 f5 12. Neg5 Kh8 13. Bd2 h6 14. Nh3 Qc7 15. Rad1 Rf7 16. Ne5 Nxe5 17. dxe5 Qc6 18. Qh5 g6 19. Qf3 g5 20. c4 Nf4 21. Nxf4 Qxf3 22. gxf3 gxf4 23. Be2 Rg8+ 24. Kh1 Bc5 25. Bxf4 Bxf2 26. Rf1 Bh4 27. Bxh6 Rh7 28. Bf4 Bg3 29. Bxg3 Rxg3 30. Rf2 Bc6 31. Rg1 f4 32. Rxg3 fxg3 33. Rg2 gxh2 34. Rxh2 Kg7 35. Rxh7+ Kxh7 36. Kg2 Kg6 37. Kg3 Kf5 38. f4 Be4 39. Bg4+ Kg6 40. b4 Bb1 41. a3 a5 42. bxa5 bxa5 43. c5 Be4 44. Bf3 Bd3 45. Bg4 Bb5 46. Kf3 Bc6+ 47. Ke3 Kf7 48. Kd4 Kg6 49. Ke3 Ba4 50. Kd4 Bc2 51. Kc3 Be4 52. Kd4 Bc6 53. Kc4 Ba4 54. Kd4 Bc6 55. Ke3 Ba4 56. Kf2 Bb5 57. Kg3 Bc6 58. Kh2 Be4 59. Kh3 Bf5 60. Kg3 Bc2 61. Bxe6 dxe6 62. c6 Ba4 63. c7 Bd7 64. Kf3 Kf5 65. Ke3 Bc8 66. Kf3 Bb7+ 67. Ke3 a4 68. Kd4 Kxf4 69. Kc5 Kxe5 70. Kb5 Kd6 0-1